Sociology of Religion (Record no. 9774)

MARC details
000 -LEADER
fixed length control field 00394nam a2200169 a 4500
020 ## - INTERNATIONAL STANDARD BOOK NUMBER
ISBN 0807056
082 00 - DEWEY DECIMAL CLASSIFICATION NUMBER
Classification number 306.6
Author Cutter WEB
100 ## - MAIN ENTRY--AUTHOR NAME
Author name Weber, Max
245 ## - TITLE STATEMENT
Title Sociology of Religion
260 ## - PUBLICATION, DISTRIBUTION, ETC. (IMPRINT)
Place of publication Boston
Name of publisher Beacon Press
Year of publication 1993
300 ## - PHYSICAL DESCRIPTION
Number of Pages 304p
500 ## - GENERAL NOTE
General note includes index and biblioraphy
505 2# - FORMATTED CONTENTS NOTE
Formatted contents note Index
650 ## - SUBJECT ADDED ENTRY--TOPICAL TERM
Topical Term Religion and Sociology
942 ## - ADDED ENTRY ELEMENTS (KOHA)
Koha item type Books
700 1# -
-- Weber, Max
Holdings
Home library Current library Date acquired Cost, normal purchase price Full call number Accession Number Koha item type
Henry Martyn Institute Library Henry Martyn Institute Library 10/11/2012 869.50 306.6 WEB 019888 E-Books
                   Copyright © 2026 | Henry Martyn Institute | Hyderabad | TS-500052 | INDIA | Implemented by hmi.edu.in
Hit-Count:

Powered by Koha